Истории России #6: Возвышение Москвы - Statistics

General Stats
  • This quiz has been taken 45 times
    42 since last reset
  • The average score is 24 of 48
Answer Stats
Вопрос Ответ % Correct
Куликовская битва 1380
78%
Темник, возглавлявший монгольскоевойско во время Куликовской битвы Мамай
74%
Нашествие Тохтамыша, сожжениеМосквы 1382
74%
Битва на Воже 1378
70%
Предмет, спор о владении которым стал пободом для возобновления междоусобицы в 1433 Золотой пояс Дмитрия Донского
67%
Польский король, обещавшийподдержку татарам, но не приведший войска на Куликово поле Ягайло
63%
Известный греческий иконописецвремен Василия I Феофан Грек
63%
Известный русский иконописец XVвека Андрей Рублев
63%
Правление Дмитрия Донского 1359-1389
63%
Священник, благословивший Дмитрия Донского перед Куликовской битвой СергийРадонежский
63%
Монастырь, в который прибыл Дмитрий Донской незадолго до
Куликовской битвы
Троице-Сергиевмонастырь
63%
Единственный русский город,захваченный Тамерланом Елец
59%
Известный русский путешественник,автор "Хождения за три моря" Афанасий Никитин
59%
Дядя Василия II, претендовавший напрестол Юрий Звенигородский
59%
Жена Василия I Софья Витовтовна
59%
Битва на Пьяне 1377
59%
Автокефалия русской православнойцеркви 1448
59%
Митрополит, обладавший большимвлиянием на Дмитрия Донского Алексий
56%
Ослепленный сын дяди Василия II В.Ю. Косой
56%
Сын дяди Василия II, убитый в 1453в Новгороде Д.Ю. Шемяка
56%
Воевода, командовавший засадным полком во время Куликовской битвы Дмитрий Боброк- Волынский
56%
Литовский князь, разбивший монголов в битве на Синих Водах Ольгерд
52%
Осада Твери Дмитрием Донским 1375
52%
Поход Едигея на Москву 1408
52%
Правление Василия II 1425-1462
52%
Смерть дяди Василия II, послеповторного захвата им Москвы 1434
52%
Оборонительный объект Москвы,строительство которого было вызвано Всесвятским пожаром Каменный Кремль
48%
Походы Ольгерда на Москву 1368, 1370, 1372
48%
Правление Василия I 1389-1425
48%
Летописное название походовОльгерда на Москву Литовщина
44%
Битва на Синих Водах 1362
44%
Западный поход Тамерлана 1395
44%
Яжелбицкий договор 1456
44%
Собор Московского Кремля, построенный Василием I Благовещенский собор
41%
Покровитель Василия II, долгое время не допускавший междоусобицы в Московии Витовт
41%
Первый митрополит, избранный независимо от Константинополя Иона
41%
Покупка ярлыка на Нижегородскоекняжение 1392
41%
Битва на Ворксле 1399
41%
Потеря Москвы Василием II 1433
37%
Монастырь, основанный митрополитомпри Дмитрие Донском в Кремле Чудов монастырь
33%
Темник, руководивший ордынскимвойском в битве на Пьяне Арапша
30%
Митрополит, сумевший "остановить"Тамерлана молитвой Киприан
30%
Прозвище тверского князя, которыйтот был вынужден принять из-за поражения Дмитрию Донскому Брат молодший
26%
Двоюродный брат Дмитрия Донского, участник Куликовской битвы Владимир АндреевичСерпуховской
26%
Великий князь Владимирский, правивший после Ивана II Красного Дмитрий Константинович
22%
Жена Дмитрия Донского Евдокия ДмитриевнаСуздальская
22%
Видный боярин, участникмеждоусобицы с обеих сторон Иван Всеволожский
15%
Тверской князь, поддержавший Василия II Борис Александрович
15%
No matching quizzes found
Score Distribution
Percent of People with Each Score
Percentile by Number Answered
Your Score History
You have not taken this quiz since the last reset